000 005090000a22002050004500
003 LK-CoMWRAF
005 20231013143037.0
008 230817t ||||| |||| 00| 0 eng d
020 _a0042970474
040 _aLK-CoMWRAF
_dLK-CoMWRAF
_eLK-CoMWRAF
041 _aeng
082 _a297
_bEAT
100 _aEaton, Charles Le Gai
245 _aIslam and the destiny of man
260 _aLondon :
_bGeorge Allen,
_c1985
300 _a242p
650 _aIslam
650 _aIslam-Destiny of man
942 _cBK
999 _c1452
_d1452